000 00635nam a2200181Ia 4500
008 090123s9999 xx 000 0 und d
082 _b38220
100 _aगोसावी-देसाई कल्पना
245 _aचीनमधला डॉ. जिंदुओ
250 _a1
260 _bराजहंस
_c2005
300 _a229
600 _aगोसावी-देसाई कल्पना
630 _aचीनमधला डॉ. जिंदुओ
700 _aगोसावी-देसाई कल्पना
730 _aचीनमधला डॉ. जिंदुओ
942 _cBOOK
999 _c76271
_d76271